00429pab a2200145 454500008004000000100002900040245007100069260000900140300001400149362001200163650003500175650001400210700002600224773003300250180718b2002 xxu||||| |||| 00| 0 eng d aAcharya, Bharati Pratima aPanchayati raj institutions in Tamil Nadu: retrospect and prospect c2002 ap.139-54. aJan-Mar aPanchayat - India - Tamil Nadu aPanchayat aPanda, Ramesh Chandra aJournal of Rural Development